000 00324pab a2200145 454500
008 180718b1998 xxu||||| |||| 00| 0 eng d
100 _aReddy, P.H.
245 _aIndia's population fact-sheet
260 _c1998
300 _ap.8
362 _a11 Jul
650 _aPopulation
773 _aDeccan Herald
909 _a39434
999 _c39434
_d39434